| 000 | 00710cab a2200217 4500 | ||
|---|---|---|---|
| 001 | WB3235-21 | ||
| 008 | 090401t1996 xxu||||| |||| 00| 0 eng d | ||
| 035 | _a(Sirsi) u1399 | ||
| 041 | _aeng | ||
| 245 | _aProperty futures market approval | ||
| 260 | _c1996 | ||
| 350 | _a0 | ||
| 490 |
_aFinancial Times _v16 September 1996, 6(1) |
||
| 520 | _aInvestment institutions planning to set up a property derivatives market are seeking authorisation from the Securities and Investments Board. | ||
| 650 | _aPROPERTY-COMMERCIAL PROPERTY | ||
| 650 | _aPROPERTY DERIVATIVES MARKET | ||
| 650 | _aPROPERTY FUTURES MARKET | ||
| 690 | _aPROPERTY-PROPERTY FINANCE AND INVESTMENT | ||
| 942 | _n0 | ||
| 948 | _c04/03/1997 | ||
| 999 |
_c773 _d773 |
||